Top 100 Brands in the World (Forbes edition) - Statistics

General Stats
  • This quiz has been taken 1,025 times
    999 since last reset
  • The average score is 34 of 100
Answer Stats
# Industry Brand % Correct
1 Technology Apple
96%
9 Restaurants McDonalds
87%
4 Beverages Coca Cola
85%
3 Technology Microsoft
81%
11 Technology Samsung
80%
2 Technology Google
78%
35 Automotive Ford
77%
6 Automotive Toyota
74%
14 Automotive BMW
73%
29 Beverages Pepsi
72%
12 Technology Amazon
69%
5 Technology Facebook
67%
20 Automotive Mercedes-Benz
66%
22 Retail Walmart
65%
44 Luxury Gucci
62%
23 Automotive Honda
60%
18 Apparel Nike
59%
36 Automotive Audi
56%
90 Apparel Adidas
53%
76 Technology Sony
52%
8 Leisure Disney
51%
19 Luxury Louis Vuitton
49%
77 Automotive Volkswagen
48%
71 Automotive Hyundai
47%
80 Luxury Chanel
46%
45 Restaurants Starbucks
46%
25 Alcohol Budweiser
43%
10 Diversified GE
42%
13 Telecom AT&T
41%
7 Technology IBM
41%
70 Automotive Nissan
41%
81 Retail Target
40%
30 Financial Services VISA
39%
56 Financial Services MasterCard
37%
49 Consumer Packaged Goods Nestle
37%
85 Alcohol Heineken
36%
38 Technology HP
36%
97 Luxury Prada
36%
21 Telecom Verizon
35%
17 Technology Intel
34%
26 Tobacco Marlboro
34%
59 Automotive Chevrolet
33%
33 Retail H&M
33%
67 Automotive Porsche
33%
52 Technology Ebay
32%
87 Restaurants Subway
32%
51 Media Fox
31%
79 Technology Netflix
31%
57 Financial Services J.P. Morgan
30%
41 Transportation UPS
30%
53 Retail Zara
30%
75 Transportation FedEx
29%
46 Retail Ikea
29%
64 Luxury Rolex
29%
24 Financial Services American Express
27%
48 Luxury Hermes
27%
68 Financial Services Bank of America
26%
69 Financial Services Citi
26%
89 Aerospace Boeing
24%
37 Financial Services HSBC
23%
93 Telecom T-Mobile
22%
65 Financial Services Chase
21%
95 Alcohol Corona
21%
82 Technology Panasonic
21%
66 Heavy Equipment Caterpillar
20%
100 Retail Costco
20%
16 Technology Oracle
20%
43 Financial Services Wells Fargo
20%
15 Technology Cisco
19%
88 Heavy Equipments John Deere
19%
34 Consumer Packaged Goods L'O'Real
19%
55 Diversified Siemens
19%
58 Luxury Cartier
18%
63 Automotive Lexus
17%
32 Beverages Nescafe
17%
72 Financial Services Santander
17%
60 Consumer Packaged Goods Colgate
16%
74 Beverages Red Bull
16%
61 Consumer Packaged Goods Kellogg's
15%
92 Financial Services Allianz
14%
40 Consumer Packaged Goods Frito-Lay
14%
86 Leisure Lego
14%
50 Consumer Packaged Goods Pampers
14%
84 Technology Canon
13%
28 Consumer Packaged Goods Gillette
13%
39 Retail Home Depot
13%
62 Consumer Packaged Goods Kraft
13%
96 Diversified Philips
13%
47 Retail CVS
12%
54 Consumer Packaged Goods Danone
12%
31 Media ESPN
12%
27 Technology SAP
12%
42 Business Services Accenture
10%
99 Consumer Packaged Goods Hershey's
10%
78 Luxury Coach
9%
91 Apparel Uniqlo
8%
83 Media Thomas Reuters
6%
73 Diversified BASF
5%
98 Financial Services RBC
5%
94 Financial Services BBVA
4%
No matching quizzes found
Score Distribution
Percent of People with Each Score
Percentile by Number Answered
Your Score History
You have not taken this quiz since the last reset